Co to za logo? #8 - Statystyki

Ogólne statystyki
  • Ten quiz został rozwiązany 5 063 razy
  • Średni wynik to 8 z 20
Statystyki odpowiedzi
Obrazkowy Odpowiedź % Poprawnych
Sprite
99%
Samsung
96%
Excel
90%
Heineken
82%
Intel
82%
Warner Brothers
80%
Reddit
75%
Mattel
37%
Swarovski
24%
Wilson
22%
Hershey's
19%
Cheerios
18%
Chiquita
14%
Hertz
14%
Costco
9%
Jif
8%
Chevron
7%
Verizon
7%
Lululemon
5%
Quaker Oats
3%
Nie znaleziono quizów pasujących do podanych kryteriów
Rozkład punktacji
Procent ludzi z każdym wynikiem
Percentyl według liczby udzielonych odpowiedzi
Twoja historia wyników
Nie rozwiązałeś tego quizu